| 000 | 00378nam a2200133Ia 4500 | ||
|---|---|---|---|
| 005 | 20260326100047.0 | ||
| 008 | 260326s9999||||xx |||||||||||||| ||und|| | ||
| 100 | _aRuiz Peruty, Luis Francisco | ||
| 245 | 0 |
_aLas Estructuras verticales y su Arquitectura / _cLuis Francisco Ruiz Peruty |
|
| 260 | _bTercer Mundo Editores | ||
| 300 | _a128 p. | ||
| 650 | _aESTRUCTURAS | ||
| 942 | _cBK | ||
| 999 |
_c7245 _d7245 |
||